Statistieken voor Landen die Eindigen met "Stan"

Klik hier om de quiz te nemen!

Algemene statistieken

  • Deze quiz is 127 keer genomen
    (78 sinds de laatste reset)
  • De gemiddelde score is 6 van 6

Antwoordstatistieken

Land% Correct
Afghanistan
97%
Pakistan
97%
Oezbekistan
96%
Turkmenistan
96%
Kazachstan
92%
Tadzjikistan
92%

Scoreverdeling

Percentiel versus Aantal Correcte Antwoorden

Procent van Mensen met Elke Score

Uw Scoregeschiedenis

U heeft deze quiz nog niet genomen sinds de laatste reset